|
|
|
|
| LEADER |
01663cas a2200253 a 4500 |
| 001 |
AALejournalIMF005489 |
| 008 |
230101c9999 xx r poo 0 0eng d |
| 020 |
|
|
|c 5.00 USD
|
| 020 |
|
|
|z 9781451871289
|
| 022 |
|
|
|a 1018-5941
|
| 040 |
|
|
|a BD-DhAAL
|c BD-DhAAL
|
| 100 |
1 |
|
|a Monfort, Brieuc.
|
| 245 |
1 |
0 |
|a Inflation Determinants in Paraguay :
|b Cost Push versus Demand Pull Factors /
|c Brieuc Monfort, Santiago Pena.
|
| 264 |
|
1 |
|a Washington, D.C. :
|b International Monetary Fund,
|c 2008.
|
| 300 |
|
|
|a 1 online resource (41 pages)
|
| 490 |
1 |
|
|a IMF Working Papers
|
| 500 |
|
|
|a <strong>Off-Campus Access:</strong> No User ID or Password Required
|
| 500 |
|
|
|a <strong>On-Campus Access:</strong> No User ID or Password Required
|
| 506 |
|
|
|a Electronic access restricted to authorized BRAC University faculty, staff and students
|
| 520 |
3 |
|
|a This article uses two analytical methodologies to understand the dynamics of inflation in Paraguay, the mark-up theory of inflation and the monetary theory of inflation. We also study the impact of different monetary aggregates. The results suggest that monetary factors, in particular currency in circulation, play a major role in determining long-run inflation, while foreign prices, in particular from Brazil, or some food products have a large impact on the short-term dynamics of inflation. Wage indexation may also contribute to locking up price increases.
|
| 538 |
|
|
|a Mode of access: Internet
|
| 700 |
1 |
|
|a Pena, Santiago.
|
| 830 |
|
0 |
|a IMF Working Papers; Working Paper ;
|v No. 2008/270
|
| 856 |
4 |
0 |
|z Full text available on IMF
|u http://elibrary.imf.org/view/journals/001/2008/270/001.2008.issue-270-en.xml
|z IMF e-Library
|